Statistics for Countries with a Not Free Internet in 2019

Click here to take the quiz!

General Stats

  • This quiz has been taken 19 times
  • The average score is 18 of 21

Answer Stats

Answer % Correct
Russia
100%
Iran
100%
Egypt
100%
China
100%
Syria
95%
Saudi Arabia
95%
Vietnam
95%
Myanmar
89%
Pakistan
89%
Venezuela
84%
Cuba
84%
Turkey
84%
Thailand
84%
Uzbekistan
79%
Sudan
79%
Kazakhstan
79%
Azerbaijan
74%
Bahrain
74%
United Arab Emirates
74%
Belarus
68%
Ethiopia
63%

Score Distribution

Percentile by Number Answered

Percent of People with Each Score

Your Score History

You have not taken this quiz